Nominations Oscar miglior film '70s - Statistics

Statistiche generali
  • Questo quiz è stato fatto 88 volte
  • Il punteggio medio è 12 su 50
Statistiche sulle risposte
Hint Risposta % Corretto
1972 Il padrino
90%
1977 Guerre stellari
83%
1971 Arancia meccanica
70%
1975 Qualcuno volò sul nido del cuculo
63%
1975 Lo squalo
58%
1976 Taxi Driver
58%
1972 Cabaret
45%
1978 Il cacciatore
45%
1974 Il padrino - Parte II
45%
1973 L'esorcista
45%
1975 Barry Lyndon
43%
1977 Io e Annie
43%
1979 Apocalypse Now
35%
1974 Chinatown
30%
1973 La stangata
30%
1975 Nashville
25%
1975 Quel pomeriggio di un giorno da cani
25%
1976 Quinto potere
25%
1976 Rocky
25%
1971 Il braccio violento della legge
23%
1974 La conversazione
23%
1970 Love Story
23%
1970 Patton - Generale d'acciaio
23%
1978 Tornando a casa
23%
1970 MASH
20%
1973 American Graffiti
18%
1979 Kramer contro Kramer
18%
1971 L'ultimo spettacolo
18%
1973 Sussurri e grida
15%
1976 Tutti gli uomini del presidente
15%
1970 Cinque pezzi facili
13%
1979 All That Jazz - Lo spettacolo continua
10%
1977 Due vite, una svolta
10%
1977 Giulia
10%
1978 Il paradiso può attendere
10%
1979 Norma Rae
10%
1972 Un tranquillo weekend di paura
10%
1970 Airport
8%
1978 Fuga di mezzanotte
8%
1977 Goodbye, amore mio!
8%
1974 Lenny
8%
1979 All american boys
5%
1974 L'inferno di cristallo
5%
1971 Il violinista sul tetto
3%
1972 Karl e Kristina
3%
1971 Nicola e Alessandra
3%
1976 Questa terra è la mia terra
3%
1978 Una donna tutta sola
3%
1972 Sounder
0%
1973 Un tocco di classe
0%
Nessun quiz corrispondente trovato
Distribuzione punteggi
Percentuale di utenti per punteggio
Percentile per numero di risposta
I tuoi punteggi nel tempo
Non hai fatto questo quiz